| 000 | 00736nam a2200193Ia 4500 | ||
|---|---|---|---|
| 999 |
_c3714 _d3714 |
||
| 003 | OSt | ||
| 005 | 20200615145731.0 | ||
| 008 | 191128s1986 ck a gr 000 j spa d | ||
| 040 |
_aCO-JMCR _cCO-JMCR |
||
| 041 | 0 | _aspa | |
| 082 |
_aH / _bGRAg |
||
| 245 | 1 | 3 |
_aEl gran pescador : _bla historia de pedro / |
| 260 |
_aBogotá : _bSociedades Bíblicas Unidas, _c1986 |
||
| 300 |
_a32 páginas : _bilustraciones a color ; _c25 cm. |
||
| 490 | 0 | _aHéroes de la fe | |
| 520 | _aLa Biblia no cuenta mucho acerca de este famoso seguidor de jesús. Parece que él visitó muchos lugares fuera de su país y como resultado muchisímas personas aceptaron. Las enseñanzas de jesús. | ||
| 650 | 1 | 4 |
_aHistorias Bíblicas _95622 |
| 942 |
_2ddc _cBK |
||